000 01153nam a2200325Ia 4500
001 dia_145
003 CHAP
005 20221208115619.0
008 220117s1976 xx 000 0 und d
010 _a170576
020 _a968-451-102-7
040 _cCHAP
082 _a519.2 S65 1976
100 _aSpiegel, Murray R.
_9109217
245 _aTeoría y problemas de probabilidad y estadísitica /
_c Murray R. Spiegel ; traducción Jairo Osuna Suárez
260 _aMéxico :
_b McGraw-Hill,
_c1976
300 _a372 p.
440 _aCompendios de Schaum
_9147343
500 _aTítulo original: Probability and statistics
590 _aQA273.25 S65 1976
650 _aEstadística matemática
_xProblemas, ejercicios, etc.
_9147344
650 _aMathematical statistics
_xProblems, exercises, etc.
_9147345
650 _aProbabilidades
_xProblemas, ejercicios, etc.
_9147346
650 _aProbabilities
_xProblems, exercises, etc.
_9147347
700 _aOsuna Suárez, Jairo, tr.
_9139367
901 _a519.2 S65 1976
902 _aM
905 _a5232271976 mx amn 8222223322spa16
942 _cLIBRO
_2ddc
999 _c170576
_d170576